| 000 | 00399nam a22001457a 4500 | ||
|---|---|---|---|
| 005 | 20260422112230.0 | ||
| 008 | 260422b |||||||| |||| 00| 0 eng d | ||
| 020 | _a978-93-91452-58-2 | ||
| 041 | _aeng | ||
| 100 |
_aDHAGE, ADV.SAURABH AJAY _98909 |
||
| 245 | _aBEYOND LAW SCHOOL: A CAREER GUIDE FOR THE LAW GRADUATE | ||
| 260 |
_bTRUTH AND SOCIAL PUBLICATION _c2025 |
||
| 300 | _a122;P | ||
| 942 | _cBK | ||
| 999 |
_c9118 _d9116 |
||